Tout les films de Quentin Tarantino - Statistiques

Statistiques générales
  • Ce quiz a été pris 57 fois
  • Le résultat moyen est 7 sur 13
Statistiques - réponses
Dates Films % Correct
2003 Kill Bill 1
86%
2004 Kill Bill 2
86%
1994 Pulp Fiction
84%
1992 Reservoir Dogs
76%
2019 Once Upon a Time in Hollywood
74%
2012 Django Unchained
72%
1997 Jackie Brown
54%
2009 Inglourious Basterds
52%
2015 The Hateful Eight
30%
2007 Death Proof
18%
2004 Kill Bill 3
12%
1995 Four Rooms
6%
2007 Grindhouse
4%
Aucun quiz correspondant
Distribution des résultats
% des personnes avec chaque résultat
Percentile par nombre de réponses
Votre historique - résultats
Vous n’avez pas pris ce quiz